Мисти (Запис номер 174267)
[ съкратено ]
| 000 -Лидер | |
|---|---|
| Контролно поле с фиксирана дължина | 01435nam a2200373 c 4500 |
| 003 - Код на организацията, давaща контролен номер | |
| Контролно поле | BLK |
| 005 - Дата и час на последна редакция | |
| Контролно поле | 20240925154227.0 |
| 008 - Елементи от данни с фиксирана дължина | |
| fixed length control field | 180411b bul|||||r ||||||| ||bul|| |
| 010 ## - Наследен системен номер | |
| LC control number | KNG00182734000 |
| 020 ## - Международен стандартен номер на книга ISBN | |
| Международен стандартен номер на книга ISBN | 9789542713838 |
| 040 ## - Източник на каталожния запис | |
| Идентификатор на билиотеката - собственик на записа | BLK |
| 041 ## - Код за език | |
| Код за езика на текст/звукозапис или на отделно заглавие | Български |
| Код за езика КДБФ | Български |
| 080 ## - УДК | |
| Текстов определител УДК | Английска литература |
| УДК код - определител по УДК | 821.111 |
| УДК определител | -312.9 |
| УДК - код + определител | 821.111-312.9 |
| 100 1# - Редна дума - Автор | |
| Автор | Стърлинг, Джос |
| Авторска отговорност | първи автор |
| R(LIN) | 335624 |
| 139 ## - Редно поле | |
| Редна дума | Стърлинг, Джос |
| Авторски знак | Сту - С 88 |
| 245 10 - Сведения за заглавието | |
| Заглавие | Мисти |
| Подзаглавни данни | Роман |
| Редно поле (дума) | Джос Стърлинг; * Силвия Вангелова; прев. Силвия Вангелова Желева. |
| 257 ## - Страна на издаване | |
| Страна на създаване/издаване | Великобритания |
| 260 ## - Област на издателските данни | |
| Място на издаване, разпространение и проч. | София |
| Име на издателя, разпространителя и проч. | Егмонт България |
| Година на издаване | 2015 |
| Печатница | София : Инвестпрес |
| 300 ## - Физическа характеристика | |
| Страници | 360 с. |
| Размери/Мащаб | 20 см |
| 380 ## - Жанр | |
| Жанр | Худож. лит. |
| 500 ## - Общи забележки | |
| Забележка | Ориг. загл. Misty Falls / Joss Stirling. - Възприета форма на името на прев. е Силвия Вангелова. |
| 653 ## - Ключова дума – ненормативна | |
| Ключова дума | фентъзи |
| 653 ## - Ключова дума – ненормативна | |
| Ключова дума | романи |
| 659 ## - Тематичен бюлетин | |
| Тематичен бюлетин | Н |
| 700 1# - Други автори (авторска отговорност) | |
| Лично име | Вангелова, Силвия |
| Автороска отговорност (Описва отношението между автора и произведението) | * |
| 9 (RLIN) | 367883 |
| 700 ## - Други автори (авторска отговорност) | |
| Лично име | Желева, Силвия Вангелова |
| 9 (RLIN) | 325826 |
| 852 ## - Местоположение | |
| Форматна сигнатура | Цб 277107 |
| 856 4# - Електронен адрес и достъп | |
| Електронен формат | pdf - файл |
| 856 4# - Електронен адрес и достъп | |
| Електронен формат | pdf - файл |
| 999 ## - СИСТЕМНИ КОНТРОЛНИ НОМЕРА | |
| Koha biblionumber | 174267 |
| Koha biblioitemnumber | 174267 |
| 942 ## - АРТИКУЛИ | |
| Вид на библиотечния материал | Книги |
| Скрит в OPAC | Не |
| Koha issues (borrowed), all copies | 25 |
| Периодичен библиозапис | Да |
| 944 ## - СЪЗДАВАНЕ И РЕДАКЦИЯ на ЗАПИСА | |
| Създаване/Редакция | Създаване |
| Дата на регистрацията/редакция | 25.09.2015 |
| Статус, дата на статуса | Геновева Генчева |
| Служител, извършил регистрацията/редакцията | 30560 |
| 944 ## - СЪЗДАВАНЕ И РЕДАКЦИЯ на ЗАПИСА | |
| Създаване/Редакция | Редакция |
| Дата на регистрацията/редакция | 14.06.2016 |
| Статус, дата на статуса | ф / |
| Служител, извършил регистрацията/редакцията | Виолета_Тройчева |
| 999 ## - СИСТЕМНИ КОНТРОЛНИ НОМЕРА | |
| Koha biblioitemnumber | 174267 |
| Код за отписване | Код за изгубен артикул | Код за повреда | Коз за рестрикции | Код за отдаване | Артикулен № | Име на библиотеката - собственик | Име на библиотеката, в която се намира в момента | Статус (Текущо местоположение) | Дата на вписване в системата | Местоположение - отдел | Цена в лева | Инвентарен номер | Систематично азбучна сигнатура | Баркод | Номер на екземпляра | Цена в евро | Служебна бележка | Служебен тип на артикула | Източник на класификационната схема |
|---|---|---|---|---|---|---|---|---|---|---|---|---|---|---|---|---|---|---|---|
| Не е изгубен | Не е повреден | без рестрикции | ползва се в читалня | 298832 | Регионална библиотека "Любен Каравелов" Русе | Регионална библиотека "Любен Каравелов" Русе | Хранилище | 2015-09-28 | Хранилище | 12.90 | 120000793024 | Цб 277107 | 120000793024 | 1 | 6.60 | Дост: Dp Вид: Д N: 30 Дата: 07.07.2015 | Книги | ||
| Не е изгубен | Не е повреден | без рестрикции | заемане за дома | 679745 | Регионална библиотека "Любен Каравелов" Русе | Регионална библиотека "Любен Каравелов" Русе | Заемна - подръчен фонд | 2018-08-29 | Заемна - подръчен фонд | 10.32 | 120000823019 | П 820-31/С 68 | 120000823019 | 5.28 | Книги | Universal Decimal Classification | |||
| Не е изгубен | Не е повреден | без рестрикции | заемане за дома | 681729 | Регионална библиотека "Любен Каравелов" Русе | Регионална библиотека "Любен Каравелов" Русе | Заемна - подръчен фонд | 2018-10-31 | Заемна - подръчен фонд | 9.42 | 120000825489 | П 820-31/С 88 | 120000825489 | 4.82 | Книги | Universal Decimal Classification | |||
| Не е изгубен | Не е повреден | без рестрикции | заемане за дома | 800756 | Регионална библиотека "Любен Каравелов" Русе | Регионална библиотека "Любен Каравелов" Русе | Заемна - подръчен фонд | 2020-09-26 | Заемна - подръчен фонд | 9.42 | 821-31/С 88 Д | 120000847869 | 4.82 | Книги | Universal Decimal Classification |